|
|
|
|
| LEADER |
00000nab a2200000 a 4500 |
| 001 |
vtls000742096 |
| 003 |
SK-MaSNL |
| 005 |
20260302193633.0 |
| 008 |
160314c2000 xo 0 hun |
| 015 |
|
|
|a SNBRB2000/12-32503
|
| 035 |
|
|
|a CLN000093936
|
| 040 |
|
|
|a SNKBUCL
|b slo
|c SNKBUCL
|e AACR2
|
| 041 |
0 |
|
|a slo
|
| 044 |
|
|
|a xo
|c SK
|
| 080 |
|
|
|a 894.511 (497.1)-3=945.11
|2 UDC-MRF-SK2
|
| 100 |
1 |
|
|a Gion, Nándor
|d 1941-
|4 aut
|9 848017
|
| 245 |
1 |
0 |
|a Disznóvér és Dugóhidi Anita
|c Gion Nándor
|
| 650 |
0 |
7 |
|a psychologické poviedky, maďarské
|2 snkbucl
|9 71096
|
| 773 |
0 |
|
|t Irodalmi szemle
|g Roč. 43, č. 7-8 (2000), s. 38-45
|
| 850 |
|
|
|a Slovenská národná knižnica v Martine
|
| 852 |
|
|
|a SNK
|b KIS3GCP
|
| 958 |
|
|
|a HU
|
| 958 |
|
|
|a LX
|
| 958 |
|
|
|a YU
|
| 958 |
|
|
|a RBX
|
| 999 |
|
|
|c 1445332
|d 1447262
|